000 00586nam a2200229Ia 4500
003 OSt
005 20220926021058.0
006 a|||||r|||| 00| 0
007 ta
008 220923b |||||||| |||| 00| 0 eng d
037 _cGeneral Book
040 _aRTL
_cRTL
_beng
041 _2eng
_aeng
082 _aX:7, K7
100 _aWard Benjamin
_9284830
245 0 _aElementary price theory
260 _aNew York
_bTHE FREE PRESS
_c1967
300 _a184p
_ccm.
650 _aEconomics
942 _hX:7, K7
_cGB
_2CC
999 _c635696
_d635696